000
00294nam a22001337a 4500
008
170601b xxu||||| |||| 00| 0 eng d
020
_a
9780814755983
041
_a
eng
080
_a
94(4)
100
_a
17
101
_a
SHH
245
_a
KOSOVO A SHORT HISTORY
_c
MALCOLM ,N
942
_2
udc
_c
BK
999
_c
15255
_d
15255